00388 2200157 4500001002100000005001700021020001900038035002500057082000800082100001600090245002600106250002100132260004200153300002600195990000900221INLIS00000000001276720150112162939.0 a979-6050-710-7 a0010-011500000005540 a813 aEnid Blyton aMelacak jejak rahasia aEdisi terjemahan aJakartabGramedia Pustaka Utamac1998 a208 hlm; 18 cmc18 cm a6025